Philosophy of linguistics (Record no. 1434769)

MARC details
000 -LEADER
fixed length control field 00810nam a22002657a 4500
005 - DATE AND TIME OF LATEST TRANSACTION
control field 20250814122156.0
008 - FIXED-LENGTH DATA ELEMENTS--GENERAL INFORMATION
fixed length control field 250814b |||||||| |||| 00| 0 eng d
020 ## - INTERNATIONAL STANDARD BOOK NUMBER
International Standard Book Number 978-0-444-51747-0 (hbk)
037 ## - SOURCE OF ACQUISITION
Terms of availability TB
040 ## - CATALOGING SOURCE
Original cataloging agency CL
Transcribing agency CL
041 ## - LANGUAGE CODE
Source of code ENG
Language code of text/sound track or separate title ENG
084 ## - COLON CLASSIFICATION NUMBER
Classification number P:(R) Q2
Assigning agency CL
100 ## - MAIN ENTRY--PERSONAL NAME
Personal name Kempson, Ruth
245 ## - TITLE STATEMENT
Title Philosophy of linguistics
260 ## - PUBLICATION, DISTRIBUTION, ETC.
Place of publication, distribution, etc. Amsterdam, The Netherlands:
Name of publisher, distributor, etc. Elsevier,
Date of publication, distribution, etc. 2012.
300 ## - PHYSICAL DESCRIPTION
Extent xx, 574p.
365 ## - TRADE PRICE
Price amount 12953.20
Currency code INR
650 ## - SUBJECT ADDED ENTRY--TOPICAL TERM
Topical term or geographic name entry element LINGUISTICS
650 ## - SUBJECT ADDED ENTRY--TOPICAL TERM
Topical term or geographic name entry element Philosophy
700 ## - ADDED ENTRY--PERSONAL NAME
Personal name Kempson, Ruth
Relator term Editor
700 ## - ADDED ENTRY--PERSONAL NAME
Personal name Fernando, Tim
Relator term Editor
9 (RLIN) 817917
700 ## - ADDED ENTRY--PERSONAL NAME
Personal name Asher, Nicholas
Relator term Editor
9 (RLIN) 817918
942 ## - ADDED ENTRY ELEMENTS (KOHA)
Source of classification or shelving scheme Colon Classification (CC)
Koha item type Textbook
Classification part P:(R) Q2
Suppress in OPAC No
Holdings
Withdrawn status Lost status Source of classification or shelving scheme Damaged status Not for loan Home library Current library Date acquired Source of acquisition Cost, normal purchase price Inventory number Total Checkouts Full call number Barcode Date last seen Price effective from Koha item type
    Colon Classification (CC)     Central Library Central Library 2025-08-14 Bright Book Service 12953.20 733 & 05/03/2013   P:(R) Q2 CL1550792 2025-08-14 2025-08-14 Textbook
Copyright @ Delhi University Library System